| 000 | 00999cam a2200277 4500 | ||
|---|---|---|---|
| 001 | ABS65272 | ||
| 008 | 020405n2002 000 0 eng u | ||
| 035 | _a(Sirsi) u117370 | ||
| 100 | _aBlake, L. | ||
| 245 | _aHow to fall foul of the law of sewers | ||
| 260 | _c2002 | ||
| 490 |
_aEstates Gazette _v(0210) 9 March 2002, 150-151(2) |
||
| 520 | _aA mainly for students article discussing two recent cases on sewers which support the principle that the common law sympathises more readily with physical damage than economic loss. | ||
| 590 | _aABS | ||
| 650 | _aMARCIC V THAMES WATER UTILITIES LTD | ||
| 650 | _aCAMBRIDGE WATER CO LTD V EASTERN COUNTIES LEATHER PLC | ||
| 650 | _aR(ON THE APPLICATION OF ANGLIAN WATER SERVICES LTD) V ENVIRONMENT AGENCY | ||
| 650 | _aSEWERS | ||
| 650 | _aPHYSICAL DAMAGE | ||
| 650 | _aECONOMIC LOSS | ||
| 650 | _aEUROPEAN CONVENTION ON HUMAN RIGHTS ARTICLE 8(1) | ||
| 650 | _aULTRA VIRES | ||
| 650 | _aCOMMON LAW | ||
| 690 | _aLAW | ||
| 942 | _n0 | ||
| 999 |
_c69926 _d69926 |
||